000 00357nam a2200133Ia 4500
008 151213s9999 xx 000 0 und d
100 _aAlastair Thomson
245 _aAlfred Lord Tennyson ; Selected Poems.
_cAlastair Thomson
260 _aHerlow Essay
_bLondon
_c1984
300 _a1888 p.
650 _aEnglish
700 _aAlastair Thomson
999 _c1393
_d1393